Most Populous Cities Near Toronto - Statistics

General Stats
  • This quiz has been taken 37 times
  • The average score is 6 of 10
Answer Stats
Pop. Distance City % Correct
717,961 0 km. (0 mi.) Mississauga
85%
569,353 37 km. (23 mi.) Hamilton
74%
656,480 0 km. (0 mi.) Brampton
71%
422,324 144 km. (89 mi.) London
71%
278,349 94 km. (59 mi) Buffalo
59%
323,103 0 km. (0 mi.) Vaughan
56%
338,503 0 km. (0 mi.) Markham
50%
202,022 3 km. (1 mi.) Richmond Hill
47%
211,328 154 km. (96 mi.) Rochester
41%
213,759 8 km. (5 mi.) Oakville
35%
No matching quizzes found
Score Distribution
Percent of People with Each Score
Percentile by Number Answered
Your Score History
You have not taken this quiz